000 01336nas a2200277 i 4500
001 1921
003 ES-MaACL
005 20250727151041.0
007 t|
008 950801c1948 sp | | 1 ||pa d
245 0 0 _aRevista del Instituto Nacional de Racionalización del Trabajo.
260 _aMadrid :
_bConsejo Superior de Investigaciones Científicas, Patronato "Juan de la Cierva",
_c1948- (
_fVeritas)
300 _a24 v. ;
_c30 cm.
310 _aMensual
321 _aBimestral,
_b1948-70
362 0 _aAño 1, n. 1 (jul./ag. 1948)-año 20, n. 3 (mayo/jun. 1967 ; Año 21, n. 115 (en.-feb. 1968)-Año 23, n. 132 (nov.-dic. 1970) ; 2ª etapa, n. 133 (en. 1971)-n. 154 (dic. 1972)
650 1 4 _aIndustria. Comunicaciones.
_913720
710 2 _aInstituto Nacional de Racionalización del Trabajo (España)
_95185
710 2 _aConsejo Superior de Investigaciones Científicas (España)
_93236
710 2 _aPatronato Juan de la Cierva de Investigación Técnica
_96186
785 0 0 _aI+E. Innovación-Empresa : revista del Instituto Nacional de Racionalización del Trabajo
_d1971-1972
785 0 0 _tRacionalización,
_d1968-1970
852 _aES-MaACL
_jHem-958
866 0 _o1948-62(1963f.n.4)(1964f.n.5)1965-66(1967f.n.4-6)(1968f.n.2)1969(1970f.may-jun.)(1971f.n.137-141)(1972f.n.146-149).
999 _c1921
_d1921